[Event "3eme Open International de La Fere"]
[Site "La Fere (FRA)"]
[Date "2004.??.??"]
[Round "4.17"]
[White "Vernay, Clovis"]
[Black "Dubois, Vincent"]
[Result "1-0"]
[WhiteElo "2206"]
[BlackElo "1690"]
[PlyCount "55"]
[EventDate "2004.??.??"]

1. d4 d5 2. c4 e6 3. Nc3 Nf6 4. cxd5 exd5 5. Bg5 Nbd7 6. e3 c6 7. Bd3 Be7 8.
Nge2 O-O 9. Qc2 h6 10. Bh4 Re8 11. f3 Qc7 12. Bf2 Bd6 13. h3 Nh5 14. O-O Bh2+
15. Kh1 Ng3+ 16. Nxg3 Bxg3 17. e4 dxe4 18. fxe4 Bxf2 19. Qxf2 Nf6 20. e5 Nd5
21. Ne4 Be6 22. Rad1 Nb4 23. Bb1 Nxa2 24. Qc2 g6 25. Qd2 Kg7 26. b4 Nxb4 27.
Qxb4 Qd7 28. Qc3 1-0

[Event "3eme Open International de La Fere"]
[Site "La Fere (FRA)"]
[Date "2004.??.??"]
[Round "4.18"]
[White "Leuw, Micha"]
[Black "Longuemart, Jean-Paul"]
[Result "1-0"]
[WhiteElo "2193"]
[BlackElo "1680"]
[PlyCount "51"]
[EventDate "2004.??.??"]

1. e4 c5 2. Nf3 e6 3. d4 cxd4 4. Nxd4 Nf6 5. Nc3 Nc6 6. Nxc6 bxc6 7. e5 Nd5 8.
Ne4 d6 9. c4 f5 10. Nxd6+ Bxd6 11. exd6 Nf6 12. Be3 Qa5+ 13. Qd2 Qxd2+ 14. Bxd2
O-O 15. f3 e5 16. O-O-O Be6 17. Bc3 e4 18. Be2 Nd7 19. Rhe1 Rae8 20. b4 Nb6 21.
Rd4 Rb8 22. Bd1 e3 23. Rxe3 Bxc4 24. Rxc4 Nxc4 25. Bb3 Kh8 26. Re7 1-0

[Event "3eme Open International de La Fere"]
[Site "La Fere (FRA)"]
[Date "2004.??.??"]
[Round "4.19"]
[White "Sarakauskiene, Zivile"]
[Black "Poulain, Andre"]
[Result "1-0"]
[WhiteElo "2181"]
[BlackElo "1650"]
[PlyCount "147"]
[EventDate "2004.??.??"]

1. e4 Nf6 2. e5 Nd5 3. d4 d6 4. Nf3 Bg4 5. Bc4 dxe5 6. dxe5 e6 7. h3 Bxf3 8.
Qxf3 c6 9. O-O Qc7 10. Re1 Nd7 11. Qe2 N5b6 12. Bd3 Nc5 13. Nc3 Nxd3 14. Qxd3
Rd8 15. Qg3 Nd5 16. Ne4 Nb4 17. Nd6+ Bxd6 18. exd6 Qxd6 19. Qxg7 Qf8 20. Qc3
Rg8 21. a3 Nd5 22. Qa5 Qg7 23. g3 Qd4 24. Kg2 Ke7 25. Qd2 Qxd2 26. Bxd2 Rd7 27.
Re2 b5 28. a4 b4 29. Re4 a5 30. Rh4 Nf6 31. Be3 Rd5 32. Bd4 e5 33. Re1 Kd6 34.
Be3 c5 35. Kf1 Kc6 36. g4 Rg7 37. Ke2 Nd7 38. g5 Nb6 39. b3 Nc8 40. c3 Ne7 41.
cxb4 axb4 42. Rc1 Nf5 43. Rxb4 Nxe3 44. Kxe3 Rxg5 45. a5 Rh5 46. a6 Rxh3+ 47.
f3 Rd7 48. Ra4 Kb6 49. Rca1 Ka7 50. Rc4 Rd5 51. b4 Rh6 52. Ke4 Rd4+ 53. Rxd4
cxd4 54. b5 Re6 55. Kd5 Rb6 56. Rb1 f6 57. Kc5 Rb8 58. b6+ Kxa6 59. Ra1+ Kb7
60. Ra7+ Kc8 61. Rc7+ Kd8 62. Rxh7 d3 63. Kc6 Rxb6+ 64. Kxb6 d2 65. Rh1 Ke7 66.
Kc5 Ke6 67. Kc4 Kf5 68. Kd3 Kf4 69. Ke2 f5 70. Rd1 Kg3 71. Rxd2 f4 72. Rd8 Kg2
73. Rg8+ Kh3 74. Kd3 1-0

[Event "3eme Open International de La Fere"]
[Site "La Fere (FRA)"]
[Date "2004.??.??"]
[Round "4.20"]
[White "Feryn, Alexandre"]
[Black "Molenaar, Joseph"]
[Result "0-1"]
[WhiteElo "1630"]
[BlackElo "2171"]
[PlyCount "92"]
[EventDate "2004.??.??"]

1. e4 d5 2. exd5 Qxd5 3. Nc3 Qa5 4. d4 c6 5. Bc4 Nf6 6. Nf3 Bf5 7. O-O e6 8.
Bf4 Bb4 9. Ne2 h6 10. c3 Be7 11. Ng3 Bh7 12. Qb3 b5 13. Be2 Nbd7 14. Ne5 Nxe5
15. Bxe5 O-O 16. Bf3 Rac8 17. Rfe1 Nd5 18. Bxd5 cxd5 19. Nh5 f6 20. Bg3 Kf7 21.
Re3 g5 22. Rae1 Rc6 23. a3 Qa4 24. Qxa4 bxa4 25. Nf4 gxf4 26. Bxf4 Re8 27. Bxh6
Rb8 28. Rg3 Rg8 29. Rge3 Rb6 30. h3 Re8 31. Rg3 Bg6 32. h4 Bd6 33. Rg4 f5 34.
Rg5 Be7 35. Rg3 Bxh4 36. Rh3 Bf6 37. Bc1 Rh8 38. Rg3 Bh5 39. Rh3 Bg4 40. Rg3
Rh7 41. Rge3 Bg5 42. Rd3 Bxc1 43. Rxc1 Rxb2 44. Ra1 Be2 45. Re3 Bc4 46. Rae1
Rh6 0-1

[Event "3eme Open International de La Fere"]
[Site "La Fere (FRA)"]
[Date "2004.??.??"]
[Round "4.21"]
[White "Rapinel, Franck"]
[Black "Guille, Nicolas"]
[Result "1-0"]
[WhiteElo "2165"]
[BlackElo "1640"]
[PlyCount "45"]
[EventDate "2004.??.??"]

1. e4 e5 2. Nf3 Nc6 3. Bb5 Nd4 4. Nxd4 exd4 5. O-O c6 6. Bc4 Nf6 7. e5 d5 8.
Be2 Nd7 9. f4 Bc5 10. d3 f5 11. Nd2 g5 12. Bh5+ Kf8 13. e6 g4 14. exd7 Bxd7 15.
Nb3 Bb6 16. Qe1 Bc7 17. Qb4+ Kg7 18. Re1 Kh6 19. Bxg4 Qh4 20. Bf3 Rhg8 21. Qe7
Rxg2+ 22. Bxg2 Qg4 23. Qg5+ 1-0

[Event "3eme Open International de La Fere"]
[Site "La Fere (FRA)"]
[Date "2004.??.??"]
[Round "4.22"]
[White "Henon, Eric"]
[Black "Rigolot, Matthieu"]
[Result "0-1"]
[WhiteElo "1620"]
[BlackElo "2157"]
[PlyCount "68"]
[EventDate "2004.??.??"]

1. d4 Nf6 2. Bg5 Ne4 3. Bh4 d5 4. f3 Nf6 5. Nc3 Bf5 6. e4 dxe4 7. Bxf6 exf6 8.
fxe4 Bg6 9. Bd3 c5 10. Bb5+ Nd7 11. dxc5 Bxc5 12. Qd5 Rc8 13. O-O-O Rc7 14. Nf3
a6 15. Bxd7+ Qxd7 16. Qxd7+ Rxd7 17. Rxd7 Kxd7 18. e5 fxe5 19. Nxe5+ Kc7 20.
Nxg6 hxg6 21. h3 Re8 22. Rf1 f6 23. Kd1 Kd6 24. Rf3 Re3 25. Rxe3 Bxe3 26. b4
Ke5 27. Ke2 Bd4 28. Nd1 Kf4 29. c3 Be5 30. Kf2 b5 31. Ne3 Ke4 32. c4 Bd4 33. c5
Bxe3+ 34. Ke2 Bf4 0-1

[Event "3eme Open International de La Fere"]
[Site "La Fere (FRA)"]
[Date "2004.??.??"]
[Round "4.23"]
[White "Minet, Steve"]
[Black "Delias, Gerard"]
[Result "1-0"]
[WhiteElo "2154"]
[BlackElo "1620"]
[PlyCount "59"]
[EventDate "2004.??.??"]

1. e4 c5 2. Nf3 d6 3. Bb5+ Bd7 4. Bxd7+ Qxd7 5. O-O Nf6 6. Re1 Nc6 7. c3 e6 8.
d4 cxd4 9. cxd4 Be7 10. d5 exd5 11. exd5 Nb4 12. Nc3 O-O 13. a3 Na6 14. b4 Nc7
15. Bb2 Rfe8 16. Qd3 a6 17. Ng5 g6 18. Qd4 Qf5 19. Rxe7 Rxe7 20. Nce4 Re5 21.
Nxf6+ Qxf6 22. f4 Rf5 23. Qxf6 Rxf6 24. Bxf6 Nxd5 25. Ne4 Re8 26. Rd1 Rxe4 27.
Rxd5 h6 28. Rxd6 Rxf4 29. Rd8+ Kh7 30. Rh8# 1-0

[Event "3eme Open International de La Fere"]
[Site "La Fere (FRA)"]
[Date "2004.??.??"]
[Round "4.24"]
[White "Oudot, Jean-Baptiste"]
[Black "Chebridon, Jean-Louis"]
[Result "1-0"]
[WhiteElo "2090"]
[BlackElo "1610"]
[PlyCount "115"]
[EventDate "2004.??.??"]

1. e4 e5 2. Nf3 Nf6 3. Nxe5 d6 4. Nf3 Nxe4 5. Nc3 Nxc3 6. dxc3 Bg4 7. Be2 Be7
8. Bf4 Nd7 9. Qd2 O-O 10. h3 Bh5 11. g4 Bg6 12. O-O-O Nf6 13. Nd4 Nd5 14. Bg3
Nf6 15. f3 d5 16. h4 h5 17. g5 Ne8 18. Nb3 c6 19. Bd3 Bd6 20. Bf2 Nc7 21. f4
Qd7 22. Bc5 Bxc5 23. Nxc5 Qc8 24. Rdf1 Bf5 25. Nb3 Re8 26. Nd4 Be4 27. Bxe4
Rxe4 28. f5 c5 29. Ne2 Qe8 30. Ng3 Re3 31. Nxh5 Re2 32. Qf4 Qe4 33. Qxe4 Rxe4
34. Re1 Rae8 35. Kd2 d4 36. Rxe4 Rxe4 37. cxd4 Rxd4+ 38. Ke2 Nd5 39. f6 g6 40.
Ng3 Rg4 41. Nf1 Re4+ 42. Kf3 Rf4+ 43. Kg3 Re4 44. Rh2 b6 45. Rd2 Rd4 46. Rxd4
cxd4 47. a3 b5 48. Kf3 b4 49. Ke4 bxa3 50. bxa3 Nc3+ 51. Kxd4 Nb5+ 52. Kd5 Nxa3
53. c4 Nc2 54. c5 Nb4+ 55. Kc4 a5 56. Kb5 Kf8 57. Kxa5 Nc6+ 58. Kb6 1-0

[Event "3eme Open International de La Fere"]
[Site "La Fere (FRA)"]
[Date "2004.??.??"]
[Round "4.25"]
[White "Vinckier, Julien"]
[Black "Gozzoli, Cyrille"]
[Result "0-1"]
[WhiteElo "1600"]
[BlackElo "2087"]
[PlyCount "60"]
[EventDate "2004.??.??"]

1. d4 Nf6 2. c4 c6 3. Nf3 d5 4. Nc3 a6 5. cxd5 cxd5 6. e3 e6 7. Bd3 Nbd7 8. O-O
b5 9. Qc2 Bb7 10. a3 Rc8 11. Bd2 Ne4 12. Qb1 f5 13. Qd1 Bd6 14. Ne1 O-O 15.
Bxe4 dxe4 16. f3 Qh4 17. f4 Nb6 18. b3 Qe7 19. Nc2 Rc7 20. Qe1 Rfc8 21. Rc1
Bxa3 22. Nxa3 Qxa3 23. Qd1 Qd6 24. g4 b4 25. Na2 Nd5 26. gxf5 exf5 27. Rxc7
Rxc7 28. Qe1 a5 29. Qd1 Qh6 30. Qe2 Ba6 0-1

[Event "3eme Open International de La Fere"]
[Site "La Fere (FRA)"]
[Date "2004.??.??"]
[Round "4.26"]
[White "Maupoint, Sebastien"]
[Black "Savre, Vincent"]
[Result "1-0"]
[WhiteElo "2082"]
[BlackElo "1610"]
[PlyCount "79"]
[EventDate "2004.??.??"]

1. Nf3 Nf6 2. g3 g6 3. Bg2 Bg7 4. O-O O-O 5. c4 c5 6. Nc3 Nc6 7. d3 d6 8. Rb1
Bd7 9. a3 Ne8 10. Bd2 Nc7 11. Qc1 Ne6 12. Bh6 Rb8 13. Bxg7 Kxg7 14. b4 cxb4 15.
axb4 Ned4 16. Nh4 a5 17. e3 axb4 18. exd4 Nxd4 19. Rxb4 Qa5 20. Qb2 e5 21. Ra1
Qc5 22. Rxb7 Rxb7 23. Qxb7 Be6 24. Qb2 f5 25. Ne2 Nxe2+ 26. Qxe2 Qd4 27. Rc1 f4
28. Nf3 Qc5 29. d4 Qa3 30. Re1 fxg3 31. hxg3 Bg4 32. dxe5 Bxf3 33. Bxf3 Rxf3
34. exd6 Rxg3+ 35. Kh2 Rh3+ 36. Kg2 Qxd6 37. Kxh3 Qd7+ 38. Kg2 Qc6+ 39. Qe4 Qc8
40. Qe7+ 1-0

[Event "3eme Open International de La Fere"]
[Site "La Fere (FRA)"]
[Date "2004.??.??"]
[Round "4.27"]
[White "Delozanne, James"]
[Black "Vinsot, Robin-Gael"]
[Result "0-1"]
[WhiteElo "1560"]
[BlackElo "2078"]
[PlyCount "78"]
[EventDate "2004.??.??"]

1. b3 d5 2. Bb2 Bf5 3. d3 e6 4. Nd2 Nf6 5. Ngf3 h6 6. g3 Nbd7 7. Bg2 c6 8. O-O
Bc5 9. e3 O-O 10. Kh1 Qc7 11. Rc1 a5 12. a4 Rfe8 13. Ba1 Ba3 14. Rb1 e5 15. Ng1
Nc5 16. Bb2 Bxb2 17. Rxb2 e4 18. d4 Ne6 19. Bh3 Bg6 20. Rb1 Ng5 21. Bg2 Bh5 22.
Qe1 Qd7 23. f4 exf3 24. Ndxf3 Qe7 25. Nxg5 hxg5 26. Nf3 Ng4 27. Ne5 Nxe5 28.
dxe5 Qxe5 29. Qf2 Qxe3 30. Qxe3 Rxe3 31. Kg1 Rae8 32. b4 Ra3 33. bxa5 Rxa4 34.
Rxb7 Rxa5 35. c4 dxc4 36. Bxc6 Re2 37. Bb5 Rb2 38. Rb8+ Kh7 39. Bxc4 Rxb8 0-1

[Event "3eme Open International de La Fere"]
[Site "La Fere (FRA)"]
[Date "2004.??.??"]
[Round "4.28"]
[White "Delorme, Laurie"]
[Black "Malpealat, Marc"]
[Result "1-0"]
[WhiteElo "2037"]
[BlackElo "1580"]
[PlyCount "27"]
[EventDate "2004.??.??"]

1. d4 d5 2. Nc3 Nf6 3. Bg5 e6 4. e4 Be7 5. e5 Nfd7 6. Bxe7 Qxe7 7. Nb5 Qb4+ 8.
c3 Qa5 9. Qg4 O-O 10. Bd3 f6 11. Qxe6+ Kh8 12. Qh3 h6 13. Qf5 Kg8 14. e6 1-0

[Event "3eme Open International de La Fere"]
[Site "La Fere (FRA)"]
[Date "2004.??.??"]
[Round "4.29"]
[White "Goube, Nicolas"]
[Black "Labarthe, Arnaud"]
[Result "0-1"]
[WhiteElo "1530"]
[BlackElo "2028"]
[PlyCount "50"]
[EventDate "2004.??.??"]

1. e4 d5 2. exd5 Nf6 3. d4 Bg4 4. f3 Bf5 5. Bb5+ Nbd7 6. g4 a6 7. Ba4 Bg6 8.
Nc3 b5 9. Bb3 Nb6 10. Bg5 Nfxd5 11. Qd2 h6 12. Bh4 Nxc3 13. Qxc3 h5 14. h3 hxg4
15. hxg4 Qd6 16. O-O-O e6 17. Qd3 Nd5 18. Qe2 Kd7 19. Bg3 Rxh1 20. Bxd6 Bxd6
21. Bxd5 exd5 22. Qf2 Rah8 23. Qe3 R8h2 24. Rd2 Bf4 25. Qxf4 Rxg1+ 0-1

[Event "3eme Open International de La Fere"]
[Site "La Fere (FRA)"]
[Date "2004.??.??"]
[Round "4.30"]
[White "Joie, Sebastien"]
[Black "Vinckier, Delphine"]
[Result "1-0"]
[WhiteElo "2000"]
[BlackElo "1560"]
[PlyCount "43"]
[EventDate "2004.??.??"]

1. d4 d5 2. Bg5 f6 3. Bh4 Nc6 4. c4 e6 5. e3 Nge7 6. Nc3 Ng6 7. Qh5 Bb4 8. Bd3
Nce7 9. Nge2 Bxc3+ 10. Nxc3 O-O 11. g4 dxc4 12. Bxc4 Nxh4 13. Qxh4 Kh8 14.
O-O-O f5 15. Qg3 a6 16. Rhg1 Ng6 17. f4 Qf6 18. g5 Qe7 19. h4 Rg8 20. h5 Nf8
21. e4 Nd7 22. exf5 1-0

[Event "3eme Open International de La Fere"]
[Site "La Fere (FRA)"]
[Date "2004.??.??"]
[Round "4.35"]
[White "Pytel, Krzysztof"]
[Black "Ricord, Lucas"]
[Result "1-0"]
[WhiteElo "2416"]
[BlackElo "1800"]
[PlyCount "33"]
[EventDate "2004.??.??"]

1. c4 e5 2. Nc3 Nc6 3. Nf3 d6 4. d4 exd4 5. Nxd4 Nf6 6. Nxc6 bxc6 7. g3 d5 8.
Bg2 Bb7 9. Qa4 Qd7 10. O-O Bc5 11. Bg5 O-O-O 12. Rad1 Qe6 13. b4 d4 14. Bxf6
gxf6 15. Ne4 Be7 16. Qxa7 Qxc4 17. Bh3+ 1-0

[Event "3eme Open International de La Fere"]
[Site "La Fere (FRA)"]
[Date "2004.??.??"]
[Round "4.38"]
[White "Delescluse, Oriane"]
[Black "Gosset, Arnaud"]
[Result "1-0"]
[WhiteElo "1640"]
[BlackElo "2146"]
[PlyCount "95"]
[EventDate "2004.??.??"]

1. e4 c6 2. d4 d5 3. Nc3 dxe4 4. Nxe4 Nd7 5. Nf3 Ngf6 6. Nc3 e6 7. Bd3 Be7 8.
Bf4 O-O 9. O-O c5 10. dxc5 Nxc5 11. Bc4 a6 12. Bb3 b5 13. Re1 Bb7 14. Qe2 Qb6
15. Rad1 Rac8 16. h3 Nxb3 17. axb3 b4 18. Nb1 Bxf3 19. Qxf3 Rxc2 20. Rd2 Qc6
21. Qxc6 Rxc6 22. Be5 Rfc8 23. Rdd1 Rc2 24. Nd2 Nd5 25. Nc4 Bc5 26. Bg3 h6 27.
Kf1 Nb6 28. Rc1 Rxc1 29. Rxc1 Be7 30. Ke2 Bf6 31. Kd3 Bxb2 32. Rc2 Nxc4 33.
Rxc4 Rd8+ 34. Ke2 Bc3 35. Bf4 Rd5 36. Be3 Ra5 37. Bc5 Ra2+ 38. Ke3 a5 39. Bb6
Be1 40. Kf3 a4 41. bxa4 b3 42. Rc1 Bd2 43. Rb1 b2 44. Bd4 Bc1 45. Ke2 Ra1 46.
Rxa1 bxa1=Q 47. Bxa1 Ba3 48. Bd4 1-0

[Event "3eme Open International de La Fere"]
[Site "La Fere (FRA)"]
[Date "2004.??.??"]
[Round "4.67"]
[White "Cappon, Aldo"]
[Black "Benoit, Alexis"]
[Result "1-0"]
[WhiteElo "1830"]
[BlackElo "1420"]
[PlyCount "139"]
[EventDate "2004.??.??"]

1. e4 e5 2. Nc3 Nc6 3. Bc4 Nf6 4. d3 Bc5 5. Bg5 h6 6. Bh4 d6 7. Nd5 Rg8 8. Qf3
Bg4 9. Nxf6+ gxf6 10. Qxf6 Qxf6 11. Bxf6 Nd4 12. Kd2 Kd7 13. c3 Nc6 14. Bh4
Raf8 15. f3 Be6 16. Bxe6+ fxe6 17. Bg3 Ne7 18. Ne2 c6 19. Rhf1 d5 20. Bxe5 Bd6
21. Bxd6 Kxd6 22. g3 b6 23. d4 a5 24. Ke3 b5 25. Rac1 Rf6 26. e5+ Kd7 27. exf6
Nf5+ 28. Kd3 Rf8 29. b3 Rxf6 30. a4 bxa4 31. bxa4 Kd6 32. c4 dxc4+ 33. Rxc4 Rf8
34. Rc5 Rb8 35. Rfc1 Rb6 36. Rxa5 Rb3+ 37. Rc3 Rb6 38. Rac5 Ne7 39. Nf4 Rb2 40.
Rc2 Rb3+ 41. Ke4 Rb6 42. a5 Rb1 43. Nxe6 Kxe6 44. Rxc6+ Nxc6 45. Rxc6+ Kd7 46.
Rxh6 Re1+ 47. Kd5 Re7 48. a6 Re8 49. a7 Kc7 50. f4 Kb7 51. Rh7+ Ka8 52. Kc6
Rc8+ 53. Kb6 Rc6+ 54. Kb5 Rb6+ 55. Kc5 Rb5+ 56. Kd6 Rd5+ 57. Kc7 Rc5+ 58. dxc5
Kxa7 59. Kc6+ Ka6 60. Kc7 Kb5 61. c6 Ka6 62. Kb8 Kb6 63. c7 Kc5 64. c8=Q+ Kd4
65. Qe6 Kc5 66. Rh5+ Kd4 67. Rd5+ Kc4 68. Qc6+ Kb4 69. Rb5+ Ka4 70. Qa6# 1-0

[Event "3eme Open International de La Fere"]
[Site "La Fere (FRA)"]
[Date "2004.??.??"]
[Round "5.2"]
[White "Colin, Vincent"]
[Black "Sarakauskas, Gediminas"]
[Result "1-0"]
[WhiteElo "2389"]
[BlackElo "2442"]
[PlyCount "111"]
[EventDate "2004.??.??"]

1. d4 d5 2. c4 c6 3. Nf3 Nf6 4. e3 Bf5 5. cxd5 cxd5 6. Nc3 e6 7. Ne5 Nbd7 8.
Qb3 Qb6 9. Bb5 Bd6 10. Nxd7 Nxd7 11. Bd2 Qd8 12. Be2 O-O 13. g4 Bg6 14. h4 h6
15. Rh3 Qb6 16. Bb5 Qd8 17. g5 h5 18. Rh1 a6 19. Be2 b5 20. a3 Nb6 21. Qd1 Nc4
22. Bxh5 Nxb2 23. Qf3 Nc4 24. Bxg6 fxg6 25. Qg4 Rf5 26. f4 Qe8 27. h5 gxh5 28.
Rxh5 Qg6 29. Ke2 Nxd2 30. Kxd2 b4 31. Ne2 b3 32. Rah1 Kf7 33. Ng3 Rxf4 34. exf4
Qc2+ 35. Ke3 Rc8 36. Ne2 b2 37. g6+ Ke7 38. Rh7 Rg8 39. Qg5+ Kd7 40. Qf6 Be7
41. Qe5 Qxg6 42. f5 Bg5+ 43. Kf2 Qxh7 44. Rxh7 b1=Q 45. Qxe6+ Kc7 46. Qf7+ Kc6
47. Rh3 Bd2 48. Qe6+ Kc7 49. Nc3 Be1+ 50. Qxe1 Qxf5+ 51. Rf3 Qg5 52. Qe6 Qh4+
53. Ke2 Qh2+ 54. Kd3 Qh7+ 55. Qf5 Qxf5+ 56. Rxf5 1-0

[Event "3eme Open International de La Fere"]
[Site "La Fere (FRA)"]
[Date "2004.??.??"]
[Round "5.3"]
[White "Bratanov, Zsivko"]
[Black "Benitah, Yohan"]
[Result "1-0"]
[WhiteElo "2432"]
[BlackElo "2408"]
[PlyCount "80"]
[EventDate "2004.??.??"]

1. d4 d5 2. c4 c6 3. cxd5 cxd5 4. Nc3 Nf6 5. Bf4 Nc6 6. e3 a6 7. Rc1 Bf5 8. Bd3
Bxd3 9. Qxd3 e6 10. Nf3 Bd6 11. Bg5 h6 12. Bh4 O-O 13. O-O Be7 14. a3 Na5 15.
Bxf6 Bxf6 16. e4 dxe4 17. Qxe4 Nb3 18. Rcd1 Qb6 19. Rd3 Rfd8 20. Rfd1 Na5 21.
Qf4 Nc4 22. Ne4 Be7 23. Rc3 Nd6 24. Ne5 Nxe4 25. Qxe4 Bf6 26. Rg3 Qxb2 27. Ng4
Bxd4 28. Rb1 Qd2 29. Rd3 Qa2 30. Rbd1 f5 31. Qxb7 Ra7 32. Nf6+ Kf8 33. Qb4+ Re7
34. Rxd4 Rxd4 35. Qxd4 Qxa3 36. Qd8+ Kf7 37. Nd7 Kg6 38. Qg8 Qb3 39. Ne5+ Kh5
40. Qd8 Rb7 1-0

[Event "3eme Open International de La Fere"]
[Site "La Fere (FRA)"]
[Date "2004.??.??"]
[Round "5.5"]
[White "Szabo, Gergely-Andras-Gyul"]
[Black "Afek, Yochanan"]
[Result "0-1"]
[WhiteElo "2422"]
[BlackElo "2325"]
[PlyCount "64"]
[EventDate "2004.??.??"]

1. e4 c5 2. Nf3 d6 3. d4 cxd4 4. Qxd4 a6 5. Bg5 Nc6 6. Qd2 h6 7. Be3 Nf6 8. Nc3
Ng4 9. Bf4 g5 10. Bg3 Bg7 11. h4 gxh4 12. Nxh4 Qa5 13. Nd5 Qxd2+ 14. Kxd2 Rb8
15. c3 Nf6 16. Re1 b5 17. Kc2 Nxd5 18. exd5 Ne5 19. f4 Ng4 20. Bd3 Nf6 21. Bf5
Nxd5 22. Bxc8 Rxc8 23. Nf5 Kf8 24. Rd1 Rc5 25. Bf2 Nb4+ 26. Kb3 Rxf5 27. cxb4
Rxf4 28. Rc1 f5 29. Bh4 Kf7 30. Rc7 Re4 31. Rh3 Re2 32. Rg3 Bf6 0-1

[Event "3eme Open International de La Fere"]
[Site "La Fere (FRA)"]
[Date "2004.??.??"]
[Round "5.6"]
[White "Van Der Weide, Karel"]
[Black "Rapinel, Franck"]
[Result "1-0"]
[WhiteElo "2471"]
[BlackElo "2165"]
[PlyCount "65"]
[EventDate "2004.??.??"]

1. e4 c5 2. Nf3 d6 3. d4 cxd4 4. Nxd4 Nf6 5. Nc3 e6 6. g4 h6 7. h4 Nc6 8. Rg1
h5 9. gxh5 Rxh5 10. Bg5 Rh8 11. Be2 Qb6 12. Nb3 a6 13. Qd2 Bd7 14. O-O-O Qc7
15. h5 Ng8 16. Kb1 Nh6 17. f4 f6 18. Bh4 O-O-O 19. f5 Ne7 20. Bg3 Nexf5 21.
exf5 Nxf5 22. Bf4 Bc6 23. Bg4 Qf7 24. Rge1 Bd7 25. Bxf5 exf5 26. Na5 Bc6 27.
Nxc6 bxc6 28. Na4 Qb7 29. Nc5 Qb5 30. Ne6 Rd7 31. Nd4 Qc5 32. Re8+ Kb7 33. Ne6
1-0

[Event "3eme Open International de La Fere"]
[Site "La Fere (FRA)"]
[Date "2004.??.??"]
[Round "5.7"]
[White "Dumitrache, Dragos-Nicolae"]
[Black "Minet, Steve"]
[Result "1-0"]
[WhiteElo "2470"]
[BlackElo "2154"]
[PlyCount "191"]
[EventDate "2004.??.??"]

1. d4 d5 2. c4 c6 3. Nf3 Nf6 4. e3 e6 5. Bd3 Nbd7 6. O-O Bd6 7. Nbd2 O-O 8. e4
dxe4 9. Nxe4 Nxe4 10. Bxe4 e5 11. dxe5 Nxe5 12. Nxe5 Bxe5 13. Bxh7+ Kxh7 14.
Qh5+ Kg8 15. Qxe5 Re8 16. Qf4 Qe7 17. Bd2 Be6 18. Bc3 Rad8 19. Rae1 f6 20. Re3
Kf7 21. Rg3 Bc8 22. h4 Qd6 23. Qf3 Rh8 24. Qe4 Rh6 25. Re1 Rdh8 26. Kf1 Qe6 27.
Qd3 Qd7 28. Qe3 Qe6 29. Qc5 Rh5 30. Rxe6 Rxc5 31. Re4 Rch5 32. Rge3 Rxh4 33.
Re7+ Kg6 34. Rc7 Rxc4 35. Rg3+ Kf5 36. Rgxg7 Re4 37. f3 Ree8 38. Kf2 Rhg8 39.
Rxg8 Rxg8 40. Re7 Kg6 41. Rc7 a6 42. a4 Kg5 43. a5 f5 44. Be5 Re8 45. Kg3 Rg8
46. Kf2 Re8 47. Rg7+ Kh6 48. Bc3 Re6 49. Rc7 Re8 50. Kg3 Kg5 51. Rg7+ Kh6 52.
Kf4 Rd8 53. Rf7 Rg8 54. g3 Kg6 55. Re7 Rd8 56. Rg7+ Kh6 57. Rf7 Rg8 58. Rc7 Kg6
59. Be5 Rd8 60. Ke3 Rd5 61. Kf4 Rd8 62. Rg7+ Kh6 63. Rf7 Rd3 64. Rf6+ Kh7 65.
Kg5 Kg8 66. Bd6 Kh7 67. Rf7+ Kg8 68. Rf8+ Kg7 69. Rxc8 Rxd6 70. Rc7+ Kf8 71.
Kxf5 Rd5+ 72. Kf6 Kg8 73. Rxb7 Rd3 74. Kg6 Kf8 75. Rf7+ Ke8 76. g4 Rb3 77. f4
Rxb2 78. f5 Rg2 79. Ra7 Rxg4+ 80. Kf6 c5 81. Rxa6 Ra4 82. Ke6 Re4+ 83. Kd5 Rf4
84. Ke5 Rh4 85. Rc6 Rc4 86. Kd5 Ra4 87. Rxc5 Kd7 88. Ke5 Ke7 89. Rc7+ Kd8 90.
Ra7 Ke8 91. a6 Ra1 92. Kf6 Kd8 93. Kf7 Kc8 94. f6 Kb8 95. Rb7+ Ka8 96. Rb6 1-0

[Event "3eme Open International de La Fere"]
[Site "La Fere (FRA)"]
[Date "2004.??.??"]
[Round "5.9"]
[White "Dobrev, Nanko"]
[Black "Maupoint, Sebastien"]
[Result "1-0"]
[WhiteElo "2415"]
[BlackElo "2082"]
[PlyCount "66"]
[EventDate "2004.??.??"]

1. d4 g6 2. c4 Bg7 3. e4 d6 4. Nc3 Nf6 5. Nf3 O-O 6. Be2 c5 7. d5 Bg4 8. h3
Bxf3 9. Bxf3 Nbd7 10. O-O a6 11. Be2 Rb8 12. a4 Ne8 13. Be3 Nc7 14. Qd2 Re8 15.
f4 e6 16. dxe6 Rxe6 17. Bf3 b5 18. axb5 axb5 19. cxb5 Nxb5 20. Nxb5 Rxb5 21. e5
Qb6 22. Ra8+ Nf8 23. Bg4 Rxb2 24. Qd5 Re7 25. Bc1 c4+ 26. Kh2 dxe5 27. Bxb2
Qxb2 28. f5 gxf5 29. Bxf5 e4 30. Qxc4 e3 31. Bxh7+ Kh8 32. Qh4 Qe5+ 33. Kh1 Re8
1-0

[Event "3eme Open International de La Fere"]
[Site "La Fere (FRA)"]
[Date "2004.??.??"]
[Round "5.10"]
[White "Sebe-Vodislav, Razvan-Alexandru"]
[Black "Delorme, Laurie"]
[Result "1-0"]
[WhiteElo "2346"]
[BlackElo "2037"]
[PlyCount "73"]
[EventDate "2004.??.??"]

1. c4 g6 2. Nc3 Bg7 3. g3 c5 4. Bg2 Nc6 5. d3 e6 6. e4 Nge7 7. Nge2 O-O 8. Rb1
b6 9. O-O Bb7 10. Be3 Nd4 11. Qd2 d6 12. Bh6 f5 13. Bxg7 Kxg7 14. f4 Qd7 15. b4
Rab8 16. b5 Rbd8 17. Rfe1 e5 18. Nd5 Bxd5 19. exd5 Rfe8 20. fxe5 dxe5 21. Nxd4
exd4 22. Re6 Nc8 23. Rbe1 Rxe6 24. dxe6 Qd6 25. Bc6 Ne7 26. Bd7 Rf8 27. Qf4
Qxf4 28. gxf4 Rd8 29. a4 Kf8 30. a5 Ng8 31. Bc6 Ke7 32. axb6 axb6 33. Ra1 Kxe6
34. Ra6 Ne7 35. Rxb6 Rd6 36. Ra6 Rd8 37. Be8+ 1-0

[Event "3eme Open International de La Fere"]
[Site "La Fere (FRA)"]
[Date "2004.??.??"]
[Round "5.11"]
[White "Rigolot, Matthieu"]
[Black "Zozulia, Anna"]
[Result "0-1"]
[WhiteElo "2157"]
[BlackElo "2324"]
[PlyCount "100"]
[EventDate "2004.??.??"]

1. d4 Nf6 2. c4 g6 3. Nc3 Bg7 4. e4 d6 5. Be2 O-O 6. Bg5 c5 7. d5 e6 8. Qd2
exd5 9. exd5 Re8 10. Nf3 a6 11. a4 Qc7 12. O-O Nbd7 13. Rae1 Nf8 14. Bd3 Bg4
15. Qf4 N8d7 16. Bc2 Bxf3 17. Qxf3 Nh5 18. b3 Re5 19. Bd2 Rae8 20. Qd1 Qb8 21.
h3 Qd8 22. g4 Rxe1 23. Rxe1 Rxe1+ 24. Qxe1 Nhf6 25. f4 h5 26. g5 Ne8 27. h4 Nc7
28. Qe4 Nf8 29. f5 Bd4+ 30. Kg2 gxf5 31. Qxf5 Ng6 32. Kh3 Ne8 33. Ne4 Ng7 34.
Nf6+ Bxf6 35. Qxf6 Qd7+ 36. Kg3 Qg4+ 37. Kf2 Qxh4+ 38. Kf1 Qh1+ 39. Ke2 Qh2+
40. Kd1 Qg1+ 41. Ke2 Ne8 42. Qd8 Kf8 43. Bxg6 Qg4+ 44. Ke1 fxg6 45. Bc3 h4 46.
Bf6 Qe4+ 47. Kf2 Kg8 48. Be7 Qf4+ 49. Kg2 Kf7 50. Qd7 Qe4+ 0-1

[Event "3eme Open International de La Fere"]
[Site "La Fere (FRA)"]
[Date "2004.??.??"]
[Round "5.12"]
[White "Quillan, Gary"]
[Black "Joie, Sebastien"]
[Result "1-0"]
[WhiteElo "2323"]
[BlackElo "2000"]
[PlyCount "43"]
[EventDate "2004.??.??"]

1. e4 e5 2. Nf3 Nc6 3. Bb5 Nf6 4. O-O Nxe4 5. d4 Nd6 6. Bxc6 dxc6 7. dxe5 Nf5
8. Qe2 Bc5 9. Rd1 Qe7 10. Nc3 O-O 11. Ne4 h6 12. g4 Nh4 13. Nxh4 Qxe5 14. Nf3
Bxg4 15. Nxe5 Bxe2 16. Re1 Rae8 17. Rxe2 Rxe5 18. Bf4 Re7 19. Rae1 Ree8 20. Kf1
Bd4 21. c3 Be5 22. Nc5 1-0

[Event "3eme Open International de La Fere"]
[Site "La Fere (FRA)"]
[Date "2004.??.??"]
[Round "5.13"]
[White "Laurent, Julien G"]
[Black "Deneuville, Ludovic"]
[Result "1-0"]
[WhiteElo "2212"]
[BlackElo "1780"]
[PlyCount "71"]
[EventDate "2004.??.??"]

1. e4 e6 2. c4 c5 3. Nf3 Nc6 4. Nc3 d6 5. d4 cxd4 6. Nxd4 Nf6 7. Be2 Be7 8. O-O
e5 9. Nc2 Be6 10. Be3 Qd7 11. Qd2 h5 12. f3 h4 13. Rfd1 b6 14. a4 Na5 15. c5
dxc5 16. Bb5 Nc6 17. Qe2 Qc8 18. Nd5 Bd7 19. Rac1 Nb8 20. Nxf6+ gxf6 21. Rxd7
Nxd7 22. Rd1 Kf8 23. Bxd7 Qc7 24. Bb5 Rd8 25. Rxd8+ Qxd8 26. Bf2 h3 27. g4 Kg7
28. Ne3 Bd6 29. Qd3 Bc7 30. Qxd8 Rxd8 31. Nd5 Bb8 32. Bh4 Rd6 33. Kf2 f5 34.
Be7 Rxd5 35. exd5 fxg4 36. d6 1-0